000 00805nam a22001817a 4500
999 _c371942
_d371942
008 201127b ||||| |||| 00| 0 eng d
040 _aDE-2950
_bger
_cDE-2950
_erda
041 _ager
245 _aEiner der ersten Bürger von Slubice ist gestorben.
_bNachruf: Alfons Lazarczyk wurde fast 105 Jahre alt. Er gehörte zu den "Pionieren" - zu den ersten Polen in der Stadt, die bis 1945 ein Frankfurter Stadtteil war./
_cNancy Waldmann
264 _c2022
653 _aLazarczyk, Alfons 1917 - 2022 ; Stadtverordneter
653 _aSlubice <Polen>
773 _dFrankfurt (Oder) Märkisches Verlags- und Druckhaus GmbH & Co KG
_tMärkische Oderzeitung
_g33. Jahrgang (2022) Nr. 270 vom 19./20.11.2022, S. 20: Foto
942 _cA